Modern blood banking and transfusion practices / (Record no. 3861)

000 -LEADER
fixed length control field 01002pam a2200301 a 4500
003 - CONTROL NUMBER IDENTIFIER
control field OSt
005 - DATE AND TIME OF LATEST TRANSACTION
control field 20220218085950.0
008 - FIXED-LENGTH DATA ELEMENTS--GENERAL INFORMATION
fixed length control field 881114s1989 pauaf b 001 0 eng c
020 ## - INTERNATIONAL STANDARD BOOK NUMBER
International Standard Book Number 080364597X
040 ## - CATALOGING SOURCE
Transcribing agency DLC
050 00 - LIBRARY OF CONGRESS CALL NUMBER
Classification number RM171
Item number .M58 1989
060 ## - NATIONAL LIBRARY OF MEDICINE CALL NUMBER
Classification number WH 460 M688
245 00 - TITLE STATEMENT
Title Modern blood banking and transfusion practices /
Statement of responsibility, etc. editor-in-chief, Denise Harmening ; guiding editor, Loni Calhoun ; guiding editor, Herbert F. Polesky.
250 ## - EDITION STATEMENT
Edition statement 2nd ed.
260 ## - PUBLICATION, DISTRIBUTION, ETC.
Place of publication, distribution, etc. Philadelphia :
Name of publisher, distributor, etc. F.A. Davis,
Date of publication, distribution, etc. 1989.
300 ## - PHYSICAL DESCRIPTION
Extent xiii, 439 p., [16] p. of plates :
Other physical details ill. (some col.) ;
Dimensions 29 cm.
504 ## - BIBLIOGRAPHY, ETC. NOTE
Bibliography, etc. note Includes bibliographies and index.
650 #0 - SUBJECT ADDED ENTRY--TOPICAL TERM
Topical term or geographic name entry element Blood
General subdivision Transfusion.
650 #0 - SUBJECT ADDED ENTRY--TOPICAL TERM
Topical term or geographic name entry element Blood banks.
650 #2 - SUBJECT ADDED ENTRY--TOPICAL TERM
Topical term or geographic name entry element Blood Banks.
650 #2 - SUBJECT ADDED ENTRY--TOPICAL TERM
Topical term or geographic name entry element Blood Grouping and Crossmatching.
650 #2 - SUBJECT ADDED ENTRY--TOPICAL TERM
Topical term or geographic name entry element Blood Transfusion.
700 1# - ADDED ENTRY--PERSONAL NAME
Personal name Harmening, Denise.
700 1# - ADDED ENTRY--PERSONAL NAME
Personal name Calhoun, Loni.
700 1# - ADDED ENTRY--PERSONAL NAME
Personal name Polesky, Herbert F.,
Dates associated with a name 1933-
906 ## - LOCAL DATA ELEMENT F, LDF (RLIN)
a 7
b cbc
c orignew
d 1
e ocip
f 19
g y-gencatlg
942 ## - ADDED ENTRY ELEMENTS (KOHA)
Source of classification or shelving scheme
Koha item type Book
Holdings
Withdrawn status Lost status Source of classification or shelving scheme Damaged status Not for loan Permanent Location Current Location Shelving location Date acquired Source of acquisition Total Checkouts Full call number Barcode Date last seen Price effective from Koha item type Public note
          AU LIBRARY AU LIBRARY Open Shelf 18.02.2022 DONATION FROM MOI UNIVERSITY   RM171 .M58 1989 28005502 18.02.2022 18.02.2022 Book SM

Powered by Koha